2021-22 EFL League Two Table - Statistics

General Stats
  • This quiz has been taken 3 times
  • The average score is 16 of 24
Answer Stats
Place Points Team % Correct
20 53 Carlisle United
100%
1 84 Forest Green Rovers
100%
13 58 Leyton Orient
100%
7 77 Mansfield Town
100%
11 69 Newport County
100%
6 77 Swindon Town
100%
14 58 Bradford City
67%
15 55 Colchester United
67%
12 61 Crawley Town
67%
2 84 Exeter City
67%
4 80 Northampton Town
67%
23 38 Oldham Athletic
67%
5 78 Port Vale
67%
18 53 Rochdale
67%
21 47 Stevenage
67%
8 76 Sutton United
67%
9 75 Tranmere Rovers
67%
16 54 Walsall
67%
22 44 Barrow
33%
3 80 Bristol Rovers
33%
19 53 Harrogate Town
33%
17 54 Hartlepool United
33%
10 70 Salford City
33%
24 26 Scunthorpe United
33%
No matching quizzes found
Score Distribution
Percent of People with Each Score
Percentile by Number Answered
Your Score History
You have not taken this quiz